| 000 | 00740nam a2200265Ia 4500 | ||
|---|---|---|---|
| 001 | Para_3469 | ||
| 003 | CHAP | ||
| 008 | 220125s1925 xx 000 0 und d | ||
| 010 | _a202034 | ||
| 040 | _cCHAP | ||
| 090 | _aPA FOLLETO 954 | ||
| 100 |
_aGuyton, T. L. _951905 |
||
| 245 |
_aGreenhouse fumigation / _c by T. L. Guyton |
||
| 260 |
_aHarrisburg, Pa : _b Department of Agriculture |
||
| 300 | _a8 p. | ||
| 440 |
_aPennsylvania. Dept. of Agriculture General, Bull.; 413 _9166999 |
||
| 650 |
_aInvernaderos _x Fumigación _960176 |
||
| 901 | _aPA FOLLETO 954 | ||
| 902 | _aA | ||
| 905 | _a0000001925 HAR 0000000000 00 | ||
| 910 | _a1925 | ||
| 942 | _cPARA | ||
| 942 |
_cPARA _d1 |
||
| 999 |
_c202034 _d202034 |
||